Szczegóły MARC21

Ruch "Wolność i Pokój" w Szczecinie w latach 1985-1992 /

003 -Nazwa inst., której nr kontr. jest w polu 001 [,]
    • @
    • Nazwa instytucji, której n kontrolny jest w polu 001
    • NUKAT
005 -DATA I CZAS OSTATNIEJ MODYFIKACJI [,]
    • @
    • pole kontrolne
    • 20241231102326.0
020 -Międzynarod. znormalizowany nr książki - ISBN [ , ]
    • a
    • Numer ISBN
    • 9788362853076 Find
040 -Instytucja sporządzająca opis [ , ]
    • a
    • Instytucja, która sporządziła opis (NP)
    • GD 103/AS
    • c
    • Instytucja, która sporządziła rekord (NP)
    • GD 103/AS
    • d
    • Instytucja, która zmodyfikowała rekord (P)
    • GD 103/MN
942 -Rodzaj dokumentu [ , ]
    • c
    • Rodzaj dokumentu
    • Książka
100 -Hasło główne - nazwa osobowa [1, ]
    • a
    • Nazwa osobowa (NP)
    • Wiśniewski, Maciej
    • d
    • Daty biograficzne (NP)
    • (1987- ).
    • 9
    • KHW
    • 73281
245 -Strefa tytułu i oznaczenia odpowiedzialności [1,0]
    • a
    • Tytuł
    • Ruch "Wolność i Pokój" w Szczecinie w latach 1985-1992 / Find
    • c
    • Pozostałe elementy strefy tytułu i oznaczenia odpowiedzialności (NP)
    • Maciej Wiśniewski.
260 -Strefa adresu wydawniczego [ , ]
    • a
    • Miejsce wydania (P)
    • Gdańsk :
    • b
    • Nazwa wydawcy (P)
    • Europejskie Centrum Solidarności,
    • c
    • Data wydania (P)
    • 2014.
300 -Strefa opisu fizycznego [ , ]
    • a
    • Określenie formy książki i/lub objętość (NP)
    • 165, [1], s. ;
    • c
    • Format (NP)
    • 23 cm.
336 -Typ zawartości [ , ]
    • a
    • Termin opisujący typ zawartości
    • Tekst
    • b
    • Kod określający zawartość
    • txt
    • 2
    • Źródło (terminu i kodu)
    • rdacontent
337 -Typ mediów [ , ]
    • a
    • Tryb odtwarzania
    • Bez urządzenia pośredniczącego
    • b
    • Kod typu mediów
    • n
    • 2
    • Źródło (terminu i kodu)
    • rdamedia
338 -Typ/rodzaj nośnika [ , ]
    • a
    • Hasło opisujące typ nośnika
    • Wolumin
    • b
    • Kod typu nośnika
    • nc
    • 2
    • Źródło (terminu i kodu)
    • rdacarrier
490 -Strefa serii i książki wielotomowej - forma nie do wyszukiwania [1, ]
    • a
    • Tytuł (P)
    • Biblioteka / Europejskie Centrum Solidarności Find
830 -Hasło dodatkowe serii i opisu książki wielotomowej - tytuł ujednolicony/tytuł [ ,0]
    • a
    • Tytuł ujednolicony/tytuł (NP)
    • Biblioteka - Europejskie Centrum Solidarności
    • 9
    • KHW
    • 73282
504 -Uwaga dot. bibliogr. załącznikowej [ , ]
    • a
    • Uwaga dot. bibliografii załącznikowej
    • Bibliogr. s. 154-159. Indeks.
080 -Uniwersalna Klasyfikacja Dziesiętna [ , ]
    • 2
    • Identyfikator wydania tablic
    • UDC-P058
    • 9
    • UKD
    • 7034
    • a
    • Symbol klasyfikacji
    • 94(438).083.3*
    • b
    • Dopowiedzenie
    • Historia Polski. Prześladowania i represje z przyczyn politycznych w PRL.
080 -Uniwersalna Klasyfikacja Dziesiętna [ , ]
    • 2
    • Identyfikator wydania tablic
    • UDC-P058
    • 9
    • UKD
    • 2870
    • a
    • Symbol klasyfikacji
    • 323.2/.3
    • b
    • Dopowiedzenie
    • Stosunki między ludnością a państwem. Warstwy i klasy społeczne. Stosunki między klasami społecznymi.
    • 4
    • UKD2
    • 7642
    • x
    • Poddział wspólny
    • (438)
    • c
    • Dopowiedzenie poddz. wspólnego
    • (Polska).
080 -Uniwersalna Klasyfikacja Dziesiętna [ , ]
    • 2
    • Identyfikator wydania tablic
    • UDC-P058
    • 9
    • UKD
    • 7007
    • a
    • Symbol klasyfikacji
    • 94(438)A/Z
    • b
    • Dopowiedzenie
    • Historia Polski. Historia regionów i miejscowości.
    • 4
    • UKD2
    • 55292
    • x
    • Poddział wspólny
    • "1981/1983"
    • c
    • Dopowiedzenie poddz. wspólnego
    • Lata 1981/1983.
    • 4
    • UKD2
    • 11955
    • x
    • Poddział wspólny
    • "1980/..."
    • c
    • Dopowiedzenie poddz. wspólnego
    • Od 1980.
610 -Hasło przedmiotowe w formie nazwy ciała zbiorowego [2,7]
    • a
    • Nazwa ciała zbiorowego lub nazwa geograficzna
    • Ruch "Wolność i Pokój".
    • 2
    • Źródło terminu
    • kaba
    • 9
    • KHW
    • 257618
980 -Symbol UKD [ , ]
    • a
    • UKD
    • 94(438).083.3*:323.2/.3(438):94(438) Szczecin"1980/..."
710 -Hasło dodatkowe - nazwa ciała zbiorowego [2, ]
    • a
    • Nazwa ciała zbiorowego lub nazwa geograficzna jako pierwszy element (NP)
    • Europejskie Centrum Solidarności.
    • 4
    • Kod relacji
    • pbl
    • 9
    • KHW
    • 41214
920 -ISBN [ , ]
    • a
    • ISBN
    • 978-83-62853-07-6 Find
Numer inwentarzowy Status udost. Lokalizacja Data inwentaryzacji
Z.1185451BG2014-05-16
WM.15869-3BG2014-05-16